Statistiken für Hauptstädte in ihren Landessprachen

Klicken Sie hier um das Quiz zu spielen!

Allgemein

  • Dieses Quiz wurde 1,951 mal gespielt
  • Das Durchschnittsergebnis liegt bei 16 aus 21

Antwortstatistiken

Landessprache Deutsch % Korrekt
RomaRom
100%
BeogradBelgrad
98%
WarszawaWarschau
98%
MoskvaMoskau
98%
KøbenhavnKopenhagen
98%
PrahaPrag
97%
KaapstadKapstadt
97%
AthinaiAthen
95%
BucureștiBukarest
94%
Nava DehalīNeu-Delhi
89%
Hà NộiHanoi
88%
BayrūtBeirut
84%
PrishtinëPristina
79%
Ar-RiyāḍRiad
77%
LefkosiaNikosia
65%
Dimashq / Ash-ShamDamaskus
58%
PòtoprensPort-au-Prince
50%
Pot MosbiPort Moresby
40%
Krung ThepBangkok
36%
ErrbaṭRabat
32%
Baile Átha CliathDublin
29%

Verteilung der Resultate

Perzentil nach korrekt beantworteten Fragen

Anzahl Personen mit jedem Resultat

Ihre Resultats-Entwicklung

Sie haben dieses Quiz noch nicht gespielt